| 000 | 00742cam a22002292 4500 | ||
|---|---|---|---|
| 001 | 0000003911 | ||
| 005 | 20151217145744.0 | ||
| 008 | 070516s xx 000 0 eng d | ||
| 020 |
_a0852261411 : _cKES 503.75 |
||
| 040 |
_aKABU _cKABU |
||
| 050 | 0 |
_aQD151.2 _b.C68 1972 |
|
| 100 | 1 |
_aCotton, F. Albert. _@0000157026 |
|
| 245 | 1 | 0 |
_aAdvanced inorganic chemistry : _ba comprehensive text / _cF. Albert Cotton, Geoffrey Wilkinson. |
| 250 | _a3rd ed. | ||
| 260 |
_aNew Delhi : _bWiley Eastern Limited, _c1972. |
||
| 300 |
_axxi, 1145 p. ; _c22 cm. |
||
| 650 | 0 |
_aChemistry, Inorganic. _@0000154148 |
|
| 700 | 1 |
_aWilkinson, Geoffrey. _@0000157300 |
|
| 908 | _a070516 | ||
| 950 | _@1 | ||
| 999 |
_c2297 _d2297 |
||